• 首页
  • 本馆介绍
  • 公告通知
  • 最新文献
  • 馆藏检索
  • 电子资源
  • 读者导购
  • 参考咨询
  • 我的图书馆
  • 登录
  • 详细信息显示
  • 放入我的书架
  • 预约/预借图书
  • 作者相关作品
  • 分类相关作品
  • 丛书相关作品
  • 出版社相关作品

书目信息

  • 表格格式
  • 工作单格式
  • 卡片格式
题名:
世界史前史
    
 
作者: 费根 著 ;杨宁 , 周幸 , 冯国雄 译
分册:  
出版信息: 北京   北京联合出版公司  2017
页数: 10,403页
开本: 26cm
丛书名:
单 册:
中图分类: K11
科图分类:
主题词: 原始社会--世界史
电子资源:
ISBN: 978-7-5596-0544-3
000 01555nam0 2200313 450
001 012001005778
005 20080820130552.0
010    @a978-7-5596-0544-3@dCNY72.00
100    @a20170905d2017 em y0chiy50 ea
101 1  @achi@ceng
102    @aCN@b110000
105    @aa z 000yy
106    @ar
200 1  @a世界史前史@9shi jie shi qian shi@dWorld prehistory: a brief introduction@e插图版@f(美)布赖恩·费根(Brian M. Fagan)著@g杨宁,周幸,冯国雄译@zeng
210    @a北京@c北京联合出版公司@d2017
215    @a10,403页@c图@d26cm
305    @aTaylor & Francis Group LLC出版公司授权出版
305    @a据原书第8版译出
306    @a本书限中国大陆发行
330    @a本书结合考古学、生物学、生态学、地质学等多门学科,探索人类的起源、流徙,以及农业生产的出现,以至国家的形成,带领读者进行了一次跨越250万年的时空之旅。全书分成四部分:第一部分向读者简要介绍了历史、文化、时空的基本概念,系统概括了人类史前时代的研究成果;第二部分概要解释了人类及其他灵长目动物的起源和科学研究方法,其中涉及最富争议的现代人迁移路径问题,在这一点上作者赞成“非洲迁移理论”;第三部分着重讨论了古代文明的标志之一农业的起源及其与现代世界的关系;第四部分针对西亚、非洲、南亚、东南亚、东亚和美洲的古代文明进行了广泛讨论。
510 1  @aWorld prehistory: a brief introduction@zeng
606 0  @a原始社会@x世界史
690    @aK11@v5
701  0 @c(美)@a费根@9fei gen@c(Fagan, Brian M.)@4著
702  0 @a杨宁@9yang ning@4译
702  0 @a周幸@9zhou xing@4译
702  0 @a冯国雄@9feng guo xiong@4译
801  0 @aCN@b上海新华@c20180901
905    @b1167971-5@dK11@e294@f5
    
    世界史前史=World prehistory: a brief introduction:插图版/(美)布赖恩·费根(Brian M. Fagan)著/杨宁,周幸,冯国雄译.-北京:北京联合出版公司,2017
    10,403页:图;26cm
    
    
    ISBN 978-7-5596-0544-3:CNY72.00
    本书结合考古学、生物学、生态学、地质学等多门学科,探索人类的起源、流徙,以及农业生产的出现,以至国家的形成,带领读者进行了一次跨越250万年的时空之旅。全书分成四部分:第一部分向读者简要介绍了历史、文化、时空的基本概念,系统概括了人类史前时代的研究成果;第二部分概要解释了人类及其他灵长目动物的起源和科学研究方法,其中涉及最富争议的现代人迁移路径问题,在这一点上作者赞成“非洲迁移理论”;第三部分着重讨论了古代文明的标志之一农业的起源及其与现代世界的关系;第四部分针对西亚、非洲、南亚、东南亚、东亚和美洲的古代文明进行了广泛讨论。
●
相关链接 在E读中查询图书 在五车中查询图书 在当当中查询图书 在豆瓣中查询图书


正题名:世界史前史     索取号:K11/294         预约/预借

序号 登录号 条形码 馆藏地/架位号 状态 备注
1 1167971   211679717   第二样本阅览室/ [索取号:K11/294] 在馆    
2 1167972   211679726   第二借阅区/ [索取号:K11/294] 在馆    
3 1167973   211679735   密集书库-史法系/ [索取号:K11/294] 在馆    
4 1167974   211679744   第二借阅区/ [索取号:K11/294] 在馆    
5 1167975   211679753   第二借阅区/ [索取号:K11/294] 在馆    
唐山师范学院图书馆 欢迎您!
大连网信软件有限公司© 版权所有